| 000 | 01230cam a22003257a 4500 | ||
|---|---|---|---|
| 001 | 16377753 | ||
| 003 | PILC | ||
| 005 | 20150603131458.0 | ||
| 008 | 100805s2011 gaua f 001 0 eng d | ||
| 010 | _a 2010934281 | ||
| 020 | _a9789749823552 | ||
| 035 | _a(OCoLC)ocn752156506 | ||
| 040 |
_aOSZ _cOSZ _dNGU _dBTCTA _dDLC |
||
| 042 | _alccopycat | ||
| 050 | 0 | 0 |
_aRT 51 _b.R266 2005 |
| 082 | 0 | 4 | _a610.73 |
| 100 | 1 | _aRayfield, Sylvia. | |
| 245 | 1 | 0 |
_aNursing made insanely easy! / _cSylvia Rayfield , Loretta Manning. |
| 246 | 1 | 4 |
_aNursing made insanely easy : _bremember what you learn forever |
| 250 | _a4th. ed. | ||
| 260 |
_aDuluth, GA : _bICAN Pub., _c2005. |
||
| 300 |
_a333 pages : _billustrations ; _c21 cm. |
||
| 500 | _aIncludes index. | ||
| 520 | _aTransform the way you learn... make it easy! Engage your whole brain. Accelerate learning with images. Simplify difficult concepts. Yes, you can do it! | ||
| 650 | 0 |
_aNursing _vHandbooks, manuals, etc. |
|
| 700 | 1 | _aManning, Loretta. | |
| 906 |
_a7 _bcbc _ccopycat _d2 _eepcn _f20 _gy-gencatlg |
||
| 942 |
_2lcc _cBK _kFOR |
||
| 999 |
_c284591 _d284591 |
||